El mundo de las sensaciones táctiles / (Record no. 177777)

MARC details
000 -LEADER
campo de control de longitud fija 00756nam a22002175i 4500
001 - NÚMERO DE CONTROL
campo de control 177777
003 - IDENTIFICADOR DE NÚMERO DE CONTROL
campo de control ES-MaACL
005 - FECHA Y HORA DE LA ÚLTIMA TRANSACCIÓN
campo de control 20250808030144.0
008 - DATOS DE LONGITUD FIJA--INFORMACIÓN GENERAL
campo de control de longitud fija 110420s1930 sp f |||| | spa d
080 ## - NÚMERO DE LA CLASIFICACIÓN DECIMAL UNIVERSAL
Número de la Clasificación Decimal Universal 159.935
100 1# - ENTRADA PRINCIPAL--NOMBRE DE PERSONA
Nombre de persona Katz, David.
9 (RLIN) 67631
245 13 - MENCIÓN DEL TÍTULO
Título El mundo de las sensaciones táctiles /
Mención de responsabilidad, etc. David Katz ; traducción del alemán por Manuel G. Morente.
260 ## - PUBLICACIÓN, DISTRIBUCIÓN, ETC.
Lugar de publicación, distribución, etc. Madrid :
Nombre del editor, distribuidor, etc. Revista de Occidente,
Fecha de publicación, distribución, etc. [1930]
300 ## - DESCRIPCIÓN FÍSICA
Extensión 271, [5] p. de lám. ;
Dimensiones 18 cm.
490 1# - MENCIÓN DE SERIE
Mención de serie Nuevos hechos, nuevas ideas ;
Designación de volumen o secuencia 32
650 #4 - PUNTO DE ACCESO ADICIONAL DE MATERIA--TÉRMINO DE MATERIA
Término de materia o nombre geográfico como elemento de entrada Percepción táctil.
9 (RLIN) 146262
700 1# - ENTRADA AGREGADA--NOMBRE PERSONAL
Nombre de persona García Morente, Manuel,
Fechas asociadas al nombre 1886-1942
9 (RLIN) 55002
830 1# - PUNTO DE ACCESO ADICIONAL DE SERIE-TÍTULO UNIFORME
Título uniforme Nuevos hechos, nuevas ideas ;
Designación de volumen o secuencia 32
9 (RLIN) 184426
852 ## - LOCALIZACIÓN
Ubicación ES-MaACL
Número de control de estantería E-14982
Encuadernación Olim P-209
Holdings
Estatus retirado Estado de pérdida Estado de daño No para préstamo Biblioteca de origen Biblioteca actual Ubicación en estantería Fecha de adquisición Fuente de adquisición Total de préstamos Signatura topográfica completa Código de barras Visto por última vez Precio de reemplazo Tipo de ítem Koha
        Biblioteca del Ateneo de Madrid Biblioteca del Ateneo de Madrid Depósito 2 20/04/2011     E-14982 1186759 23/02/2023 23/02/2023 Libro impreso